00937nam a2200253 a 450000100100000000500170001000800410002702000180006804000250008608200180011110000380012924501470016726000380031430000210035249000120037350000750038550400320046065000410049265000460053365000190057970000240059871000490062283000120067100004354720251117093451.0140325s2013 dr 000 0 spa d a9789945412864 aDO-SdBNPbspacBNPHU a346.07bF363d1 aFernández Rozas, José Carlos.10aDerecho del comercio internacional y política comercial de la República Dominicana /cJosé Carlos Fernández Rozas, Leidylin Contreras. aSanto Domingo :bFUNGLODE,c2013. a371 p. ;c24 cm.1 aDerecho aIncluye datos biográficos de los autores en la solapa de la cubierta aBibliografía : p. 355-371 4aRegulación del comércio exterior 4aDerecho comercialzRepública Dominicana 0aLibre comercio1 aContreras, Leidylin22aFundación Global Democracía y Desarrollo 0aDERECHO